00501 2200193 4500001002100000005001500021035002000036008004100056245006900097100001800166250000600184260004600190300001100236084001400247082000800261650001400269990001200283990001200295INLIS00000000000036020240503072607 a0010-0424000336240503 0 ind 1 aMengenal Produk - Produk Hasil Perkawinan Silang /cKus Dwiyatmo aDwiyatmo, Kus a1 aYogyakarta :bPT. Citra Aji Parama,c2015 a68 hlm a600 KUS m a600 4aNon Fiksi a0728677 a0728678